00972nam a2200241 450000100060000000300080000600500170001400800410003103500190007204000320009104100080012308200210013110000480015224500510020026000480025130000260029950001400032550400520046565100390051794200120055699900170056895201450058536410BD-RjUL20211209052501.0140622s1969 ii b 001 0 eng d a(BD-RjUL)36507 aDLCcDLCdDLCdBD-RjULbeng aeng bRAP 1969a327.541 aRahman, Mohammed Mahafoozur,d1938-911079814aThe politics of non-alignment /cM. M. Rahman. aNew Delhi :bAssociated Pub. House ,c1969. axii, 267 p. ;c23 cm. a"Revised version of ... thesis ... presented to Aligarh Muslim University in 1968 for the award of the degree of doctor of philosophy." aIncludes Bibliography : (p. 247-255) and index. 0aIndiax Foreign relations.9110799 2ddccBK c36410d36410 00102ddc40718NFICaRUCLbRUCLcReadingd1974-07-06eIndia Govt. Giftg0.00l0o327.54 RAP 1969r2014-06-22 00:00:00tC-1w2021-12-09yBK